header

Young people's visions of the world (Record no. 148895)

MARC details
000 -LEADER
fixed length control field 01152nam a2200277 a 4500
245 00 - TITLE STATEMENT
Title Young people's visions of the world
260 ## - PUBLICATION, DISTRIBUTION, ETC. (IMPRINT)
Place of publication [Portugal] :
Name of publisher Bentham Science Publishers,
Year of publication [2012]
300 ## - PHYSICAL DESCRIPTION
Number of Pages xv, 198 p. :
Other physical details ill. (some col.)
650 #0 - SUBJECT ADDED ENTRY--TOPICAL TERM
Topical Term Art
700 1# - ADDED ENTRY--PERSONAL NAME
Personal name Torres de Eca, Teresa.
Personal name Kroupp, Rachel.
Personal name Lam, Bick Har.
856 40 - ELECTRONIC LOCATION AND ACCESS
Uniform Resource Identifier http://site.ebrary.com/lib/rucke/Doc?id=10534339

No items available.

© 2026 Rongo University
Contact us: librarian | system librarian | Rongo university